01537nam a22002417a 450000500170000000800410001702000150005804000070007304100120008008200220009210000240011424501130013826000420025130000330029344000380032652007910036465000290115565000100118465000280119470000260122270000260124870000210127420230619144409.0230619b ||||| |||| 00| 0 eng d a8178241048 cAL aEnglish 223a954.035bBOSN aSubhas Chandra Bose aNetaji Collected Work The Alternative Leadership: Speeches Articles Statements and Letters June 1939-1941  aKolkatabNetaji Research Bureauc2004 aix,244 p.bPBc21.5x13.5 cm. aNetaji Collected Works Volume 10 aBetween his resignation as Congress President in Calcutta on 29 April 1939 and his escape from his Elgin Road home on the night of 16-17 January 1941, Subbas Chandra Bose provided India with an alternative leadership in place of the old guard represented by the Gandhian High Command. His altemative was based on a commitment to anti-imperialism and future socialism. This volume brings together the writings and speeches of a crucial phase in Bose's political life immediately prior to his emergence as the Netaji of lndia's army of liberation. The themes dealt with here include the role of the left within the Indian independence movement, the Second World War as a conflict between rival imperialisms and the need for Hindu–Muslim unity and Congress–Muslim League understanding. aNetaji Collected Works  aIndia aPolitics and government aBOSE (Subhas Chandra) aBOSE (Sisir Kumar) Ed aBOSE (Sugata) Ed